000
00244nam a2200085Ia 4500
008
200302s9999 xx 000 0 und d
100
_a
Author
245
_a
Using Torsteel Grade tor 50 in R C Structures
260
_b
For Steel Research Foundation in India
999
_c
945
_d
945